000 00946nam a22003137a 4500
003 CHAP
005 20220817041921.0
008 971013s1981 r 00010 d
010 _a28638
011 _a29610
035 _a33721
040 _cCHAP
082 _a371
_bL3 1981
100 0 0 _aLarroyo, Francisco.
_964967
245 _aFundamentos de la educación
250 _a5 ed.
260 _aBuenos Aires :
_bEUDEBA,
_c1981
300 _a413 p.
590 _aBATCH-UPD
_b10
_c20130110
_lUCH01
_h0936
590 _aBATCH-UPD
_b10
_c20130410
_lUCH01
_h0554
590 _aBATCH-UPD
_b10
_c20130914
_lUCH01
_h1236
590 _aCONVERSION
_b10
_c20130109
_lUCH01
_h1316
650 1 4 _aEducación.
_935409
710 _aUNESCO
901 _aBK
942 _cLIBRO
949 _a371 L3 1981
_bBC
_cLIBRO
_d33724000378923
_eLIBRO
_fc.2
_h68164
_i33721
_si
_t4.80
949 _a371 L3 1981
_bBC
_cLIBRO
_d33724000378931
_eLIBRO
_gI.130625
_h68163
_i33721
_si
_t4.80
999 _c28638
_d28638